Schengen date d'entrée - Statistiques

Statistiques générales
  • Ce quiz a été pris 19 fois
  • Le résultat moyen est 16 sur 27
Statistiques - réponses
Pays année entrée % Correct
France 1995
100%
Allemagne 1995
100%
Italie 1997
89%
Autriche 1997
89%
Grèce 2000
89%
Espagne 1995
67%
Belgique 1995
67%
Portugal 1995
67%
Croatie 2023
67%
Luxembourg 1995
56%
Pays-Bas 1995
56%
Suède 2001
56%
Norvège 2001
56%
Estonie 2007
56%
Lettonie 2007
56%
Lituanie 2007
56%
Finlande 2001
44%
Danemark 2001
44%
Islande 2001
44%
Pologne 2007
44%
Slovaquie 2007
44%
Slovénie 2007
44%
Hongrie 2007
44%
Rép. Tchèque 2007
44%
Malte 2007
44%
Suisse 2008
44%
Liechtenstein 2011
44%
Aucun quiz correspondant
Distribution des résultats
% des personnes avec chaque résultat
Percentile par nombre de réponses
Votre historique - résultats
Vous n’avez pas pris ce quiz